LIBRARY & INFORMATION CENTRE, KCAET, TAVANUR

ONLINE PUBLIC ACCESS CATALOGUE (OPAC)

Poetical Works of Robert Bridge / (Record no. 511)

MARC details
000 -LEADER
fixed length control field 00274cam a2200109ua 4500
082 ## - DEWEY DECIMAL CLASSIFICATION NUMBER
Classification number 821
Item number BRI/PO
100 ## - MAIN ENTRY--AUTHOR NAME
Personal name Bridge, Robert .
245 ## - TITLE STATEMENT
Title Poetical Works of Robert Bridge /
260 ## - PUBLICATION, DISTRIBUTION, ETC. (IMPRINT)
Place of publication London :
Name of publisher Oxford University Press ,
Year of publication 1930.
300 ## - PHYSICAL DESCRIPTION
Number of Pages 713 ; .
942 ## - ADDED ENTRY ELEMENTS (KOHA)
Koha item type Books
Holdings
Withdrawn status Lost status Damaged status Home library Current library Date acquired Full call number Accession Number Koha item type
Withdrawn     KAUAET Malayalam University 07/04/2012 821 5036 Books
free website counter